000 00914cab a2200241 4500
001 X2217
008 090401t1995 xxu||||| |||| 00| 0 eng d
035 _a(Sirsi) u22658
041 _aeng
245 _aAllied Maples Group Ltd v Simmons and Simmons
260 _c1995
350 _a0
490 _aNew Property Cases
_v(1995) NPC 83
520 _aCA 12 May 1995. On a preliminary issue, the CA considers the complex relationship between causation and quantum where solicitors by breach of duty deprive a client of negotiating out of potential liability with a third party arising from privity of contract in leases. (Headnote from journal) NO PHOTOCOPYING ALLOWED
650 _aCAUSATION
650 _aLIABILITY
650 _aNEGLIGENCE
650 _aPRIVITY OF CONTRACT
650 _aQUANTUM
690 _aMANAGEMENT-BUSINESS MANAGEMENT-PROFESSIONAL PRACTICE
942 _n0
948 _c04/03/1997
999 _c15188
_d15188